000 00543nam a2200217Ia 4500
003 OSt
005 20220924133435.0
006 a|||||r|||| 00| 0
007 ta
008 220923b |||||||| |||| 00| 0 snd d
024 _a265330
037 _cTextual
040 _aARTS
_cARTS
_bsnd
041 _2snd
_asnd
082 _aO15,1D40,3, 1593M1
100 _aJetly Murlidhar
_9206488
245 0 _aMeghadute
260 _c1981
942 _hO15,1D40,3, 1593M1
_cTEXL
_2CC
999 _c433867
_d433867